00173nam a2200073Ia 4500008004100000082000800041100001800049245003200067240331s9999 xx 000 0 und d bMUR aMurukaiyan, R 0aVerriyaddu :bpaaddu koothu